000 00404 a2200145 4500
005 20250625110817.0
020 _a978-0-07-311226-8
082 _a361.320 KRY
100 _aKRYSIK, J . L .
245 _aResearch for Effective Social Practice
260 _aBoston,
_bMcGraw-Hill
_c2007.
300 _axxix, 421p.: ill.; table,
_bglossary & references,
_c23cm.
700 _aFINN, J .
942 _2ddc
_cBKS
999 _c5023
_d5023